Statistics for Spanish Baseball Game Vocabulary

Click here to take the quiz!

General Stats

  • This quiz has been taken 50 times
  • The average score is 13 of 65

Answer Stats

EnglishSpanish% Correct
baseballbéisbol
84%
gamejuego
74%
musicmúsica
63%
ballpelota
63%
playerjugador
61%
mascotmascota
58%
uniformuniforme
58%
to runcorrer
55%
stadiumestadio
55%
to winganar
53%
to playjugar
53%
teamequipo
47%
ticketentrada
42%
french friespapas fritas
42%
to loseperder
42%
fanaficionado (a)
37%
fieldcancha
32%
basebase
29%
batbate
26%
to throwtirar
24%
gloveguante
21%
jerseyjersey
21%
cardtarjeta
21%
seatasiento
18%
sacrificebatazo de sacrificio
18%
hot dogperro caliente
18%
posterpóster
18%
peanutcacahuate
16%
screenpantalla
16%
to hitpegar
16%
inningentrada
13%
pitcherlanzador
13%
dirttierra
13%
batterbateador
11%
to batbatear
11%
outfuera
11%
popcornpalomitas
11%
catcherreceptor
11%
signseñal
11%
umpireárbitro
8%
homerunjonrón
8%
grasspasto
8%
to catchagarrar
5%
foul ballbatazo fuero
5%
croudmuchedumbre
5%
to booabuchear
3%
to cheeraclamar
3%
cotton candyalgodón de azúcar
3%
hit (n)batazo bueno
3%
outfielderjardinero
3%
foul linelínea de falta
3%
home plateplatillo
3%
dugoutabrigo de jugadores
0%
strikebala buena
0%
ball (not strike or hit)bala mala
0%
fly ballbatazo de volea
0%
ground ballbatazo rodado
0%
bullpenbulpén
0%
infielddiamante
0%
outfieldexterior
0%
capgarra
0%
shortstopjugador medio
0%
score (n)tanteo
0%
snacktentempié
0%
standstribuna
0%

Score Distribution

Percentile by Number Answered

Percent of People with Each Score

Your Score History

You have not taken this quiz